00881nas a2200229Ia 4500001001100000003000900011008004100020040001300061040001300074041001300087100004400100210001900144222001900163245005500182250001100237260002300248501008600271300002000357362001600377500021500393650004300608R109/F9352IT-RoPAU151124c99999999xx |||||||||||| ||und|| aIT-RoPAU cIT-RoPAU aFRANCESE aPorcher LouisgCodice Aut. SPICS: 2405 aCOMMUNICATIONS aCommunications aCOMMUNICATIONS, N.67 (1998)bEnjeux Interculturels a1a ed. aPARISbSEUILc1998 bPaulus - SPICS - Società€ San Paolo EM (non-commercial uses only)cCopyright2015 a12 p. [105-116] aN.67 (1998) aFattori Interculturali. Internazionalizzazione e Localizzazione: Apertura Agli Altri; Attaccamento Alle Identità€. Stratificazioni Mondiali. Crescitain Potere Delle Donne. Sport Quotidiani e Alta Competizione. aCOMUNICAZIONEvPUBBLICAZIONE PERIODICA